Fill the Map of Europe by Guessing Currencies - Statistics

General Stats
  • This quiz has been taken 385 times
  • The average score is 37 of 45
Answers on the Map
Answers color-coded by a green-red scale on the quiz's map according to % correct below.
 
Answer Stats
Country % Correct
Euro
100%
Euro
100%
Euro
100%
Euro
100%
Euro
100%
Euro
100%
Euro
100%
Euro
100%
Euro
100%
Euro
100%
Euro
100%
Euro
100%
Euro
100%
Euro
100%
Euro
100%
Euro
100%
Euro
100%
Euro
100%
Euro
100%
Euro
100%
Euro
100%
Euro
100%
Euro
100%
Euro
100%
Euro
100%
Pound Sterling
97%
Belarusian Ruble
82%
Russian Ruble
82%
Danish Krone
81%
Icelandic Króna
81%
Norwegian Krone
81%
Swedish Krona
81%
Swiss Franc
79%
Swiss Franc
79%
Polish Złoty
69%
Serbian Dinar
50%
Bosnia and Herzegovina Convertible Mark
46%
Hungarian Forint
46%
Albanian Lek
45%
Bulgarian Lev
45%
Moldovan Leu
44%
Romanian Leu
44%
Czech Koruna
41%
Ukrainian Hryvnia
32%
Macedonian Denar
28%
No matching quizzes found
Score Distribution
Percent of People with Each Score
Percentile by Number Answered
Your Score History
You have not taken this quiz